[Event "4NCL Online Division 6"]
[Site "online"]
[Date "2020.10.06"]
[Round "4.66"]
[White "Thomas, Jacob"]
[Black "Rasalingam, Rishi"]
[Result "1-0"]
[WhiteElo "1457"]
[BlackElo "1157"]
[PlyCount "121"]
[EventDate "2020.10.06"]
[WhiteTeam "War & Piece 2"]
[BlackTeam "Barnet Knights E"]

1. e4 c5 2. Nf3 Nc6 3. d4 cxd4 4. Nxd4 d6 5. Nc3 Bd7 6. Be3 g6 7. Bb5 Qc7 8.
O-O Bg7 9. a3 Nf6 10. h3 O-O 11. Qd2 a6 12. Ba4 Rac8 13. Nde2 b5 14. Bb3 Na5
15. Ba2 Bc6 16. f3 Bb7 17. Nf4 Kh8 18. Rac1 Nc4 19. Bxc4 Qxc4 20. Qd3 Qxd3 21.
cxd3 Bh6 22. Kf2 Rfd8 23. d4 d5 24. e5 Nd7 25. Ncxd5 e6 26. Nb4 Nb6 27. Rxc8
Bxc8 28. Nxg6+ hxg6 29. Bxh6 Rxd4 30. Be3 Rd7 31. Bxb6 Rd2+ 32. Kg3 Rxb2 33.
Rc1 Bd7 34. Rc7 Be8 35. Nxa6 Kg8 36. Bc5 f5 37. Bb4 Bf7 38. Rb7 g5 39. Nc5 Bh5
40. Nxe6 f4+ 41. Kh2 Bxf3 42. Rg7+ Kh8 43. Rxg5 Rxg2+ 44. Rxg2 Bxg2 45. Kxg2
f3+ 46. Kxf3 Kg8 47. Nc7 Kf7 48. Nxb5 Ke6 49. Ke4 Kd7 50. Bd6 Kd8 51. h4 Kd7
52. h5 Ke8 53. a4 Kf7 54. a5 Kg7 55. a6 Kh6 56. a7 Kxh5 57. a8=Q Kg6 58. Qg8+
Kh6 59. Bf8+ Kh5 60. Kf4 Kh4 61. Qg4# 1-0

[Event "4NCL Online Division 6"]
[Site "online"]
[Date "2020.10.06"]
[Round "4.67"]
[White "Belur, Ashwin"]
[Black "O'Neill, Stephen G"]
[Result "1-0"]
[WhiteElo "1105"]
[BlackElo "1457"]
[PlyCount "51"]
[EventDate "2020.10.06"]
[WhiteTeam "Barnet Knights E"]
[BlackTeam "War & Piece 2"]

1. Nf3 g6 2. g3 Bg7 3. d3 Nc6 4. Nbd2 d5 5. Bg2 e5 6. e4 Nge7 7. O-O f5 8. Re1
Be6 9. Ng5 Bd7 10. h4 h6 11. Nh3 Be6 12. c3 Qd7 13. b4 f4 14. gxf4 Bxh3 15. Qf3
Bxg2 16. Qxg2 exf4 17. exd5 Qxd5 18. Qxd5 Kf8 19. Qd7 Bxc3 20. Rb1 Bxb4 21.
Rxb4 Nxb4 22. Qxe7+ Kg8 23. Qxb4 b6 24. Re7 Rd8 25. Qxf4 Rf8 26. Qc4+ 1-0

[Event "4NCL Online Division 6"]
[Site "online"]
[Date "2020.10.06"]
[Round "4.68"]
[White "Blair, Jimmy"]
[Black "Scheffel, Charlie"]
[Result "0-1"]
[WhiteElo "1420"]
[BlackElo "1097"]
[PlyCount "72"]
[EventDate "2020.10.06"]
[WhiteTeam "War & Piece 2"]
[BlackTeam "Barnet Knights E"]

1. e4 e5 2. Nf3 Nc6 3. Bc4 Nf6 4. Ng5 d5 5. exd5 Na5 6. Bb5+ c6 7. dxc6 bxc6 8.
Ba4 h6 9. Nf3 e4 10. Ne5 Qc7 11. d4 exd3 12. Nxd3 Bd6 13. Qe2+ Be6 14. Nc3 O-O
15. Be3 Bg4 16. f3 Nc4 17. O-O-O Bf5 18. g4 Bxd3 19. Qxd3 Nxe3 20. Qxe3 Bf4 21.
Qxf4 Qxf4+ 22. Kb1 Nd5 23. Nxd5 cxd5 24. Bc6 Rab8 25. Bxd5 Qb4 26. Bb3 Rfd8 27.
Rde1 Re8 28. Rd1 Rbd8 29. Rdf1 Rd2 30. a3 Qc5 31. Rc1 Rb8 32. Ba2 Qxa3 33. b3
Rd5 34. c4 Rxb3+ 35. Bxb3 Qxb3+ 36. Ka1 Ra5# 0-1

[Event "4NCL Online Division 6"]
[Site "online"]
[Date "2020.10.06"]
[Round "4.75"]
[White "Banks, Stephen"]
[Black "Tarigopula, Pawan Kumar"]
[Result "0-1"]
[WhiteElo "1450"]
[BlackElo "1225"]
[PlyCount "50"]
[EventDate "2020.10.06"]
[WhiteTeam "Enfield 2"]
[BlackTeam "Uxbridge Bombers C"]

1. d4 f5 2. Nf3 Nf6 3. e3 e6 4. Bd3 Be7 5. O-O O-O 6. Nbd2 Nc6 7. c3 a5 8. b3
Bd6 9. Bb2 b6 10. Re1 Nd5 11. a3 Bb7 12. Qc2 Qf6 13. c4 Nde7 14. d5 Ne5 15.
Nxe5 Bxe5 16. Bxe5 Qxe5 17. Nf3 Qf6 18. e4 Ng6 19. Rac1 Nf4 20. g3 Nxd3 21.
Qxd3 fxe4 22. Rxe4 Qxf3 23. Re3 Qxf2+ 24. Kh1 Qb2 25. Ree1 Rf2 0-1

[Event "4NCL Online Division 6"]
[Site "online"]
[Date "2020.10.06"]
[Round "4.76"]
[White "Tarigopula, Varish"]
[Black "Clarke, Anthony J"]
[Result "1/2-1/2"]
[WhiteElo "1225"]
[BlackElo "1442"]
[PlyCount "85"]
[EventDate "2020.10.06"]
[WhiteTeam "Uxbridge Bombers C"]
[BlackTeam "Enfield 2"]

1. e4 d6 2. d4 Nf6 3. Nc3 g6 4. Nf3 Bg4 5. Be2 Bg7 6. O-O O-O 7. Qd3 Nbd7 8.
Bf4 Bxf3 9. Bxf3 c6 10. Rfe1 e5 11. dxe5 dxe5 12. Bg3 Qc7 13. Rad1 Rad8 14. Qe3
b6 15. Bh4 Nc5 16. b4 Ne6 17. Ne2 Rd7 18. Rxd7 Qxd7 19. c3 Rd8 20. Ng3 Qd2 21.
Rd1 Qxe3 22. Rxd8+ Nxd8 23. fxe3 h6 24. Ne2 g5 25. Bg3 g4 26. Bxe5 gxf3 27.
gxf3 Ne6 28. Nf4 Nxf4 29. exf4 Nh5 30. Bxg7 Kxg7 31. f5 Kf6 32. Kf2 Ke5 33. Ke3
Nf4 34. Kf2 b5 35. a3 a6 36. Ke3 h5 37. Kf2 h4 38. Ke3 h3 39. Kf2 Ng2 40. Kg3
Nf4 41. Kf2 Ng2 42. Kg3 Nf4 43. Kf2 1/2-1/2

[Event "4NCL Online Division 6"]
[Site "online"]
[Date "2020.10.06"]
[Round "4.77"]
[White "McHugh, Ralph"]
[Black "Kumar, Shaurya"]
[Result "1-0"]
[WhiteElo "1300"]
[BlackElo "1225"]
[PlyCount "115"]
[EventDate "2020.10.06"]
[WhiteTeam "Enfield 2"]
[BlackTeam "Uxbridge Bombers C"]

1. e4 e5 2. Nf3 Nc6 3. Nc3 Bc5 4. Bb5 a6 5. Bxc6 dxc6 6. Nxe5 Qd4 7. Ng4 Bxg4
8. Qxg4 Qxf2+ 9. Kd1 Bd4 10. Qe2 Qxe2+ 11. Kxe2 Ba7 12. d3 Nf6 13. Bg5 Bd4 14.
Bf4 O-O-O 15. Kd2 h6 16. h3 g5 17. Bg3 g4 18. Bh4 Rhf8 19. Raf1 Rd6 20. Kc1
Be3+ 21. Kb1 Bd4 22. Ne2 Be5 23. d4 Nxe4 24. dxe5 Rd2 25. Nf4 Rd4 26. Rd1 Rxd1+
27. Rxd1 f6 28. Rd4 Ng5 29. e6 Re8 30. hxg4 Nxe6 31. Nxe6 Rxe6 32. a3 c5 33.
Rf4 Re2 34. g3 Re1+ 35. Ka2 b5 36. Bxf6 a5 37. Bc3 Rg1 38. Bxa5 Rxg3 39. Rf7
Rxg4 40. Rxc7+ Kb8 41. Rxc5 Rh4 42. Rxb5+ Ka7 43. Rb4 Rh1 44. c4 Rg1 45. c5 h5
46. c6 Rg8 47. Rh4 Rh8 48. c7 Kb7 49. Rb4+ Ka8 50. Rd4 Kb7 51. Rd8 Rxd8 52.
cxd8=Q h4 53. Qxh4 Ka6 54. b4 Kb7 55. Qe7+ Ka6 56. Qd6+ Kb5 57. Qc5+ Ka4 58.
Qc6# 1-0

[Event "4NCL Online Division 6"]
[Site "online"]
[Date "2020.10.06"]
[Round "4.78"]
[White "Mangalagiri, Pranav"]
[Black "March, Steven J"]
[Result "0-1"]
[WhiteElo "1165"]
[BlackElo "1285"]
[PlyCount "24"]
[EventDate "2020.10.06"]
[WhiteTeam "Uxbridge Bombers C"]
[BlackTeam "Enfield 2"]

1. e4 e5 2. Nf3 Nc6 3. Bb5 Nf6 4. d3 a6 5. Ba4 Bc5 6. c3 d6 7. O-O Ng4 8. h3 h5
9. hxg4 hxg4 10. Nfd2 Qh4 11. Bxc6+ bxc6 12. Re1 Qh1# 0-1

[Event "4NCL Online Division 6"]
[Site "online"]
[Date "2020.10.06"]
[Round "4.85"]
[White "Palampathi, Sanjit"]
[Black "Varjian, Gary"]
[Result "0-1"]
[WhiteElo "1217"]
[BlackElo "1423"]
[PlyCount "44"]
[EventDate "2020.10.06"]
[WhiteTeam "Uxbridge Bombers D"]
[BlackTeam "Malpas & Croesoswallt"]

1. e4 d6 2. Bc4 Nf6 3. Nc3 h6 4. Nf3 Nbd7 5. d4 e5 6. dxe5 dxe5 7. O-O c6 8.
Ng5 hxg5 9. Bxg5 Qe7 10. f4 Qc5+ 11. Kh1 Qxc4 12. fxe5 Nh5 13. Qf3 Nxe5 14.
Qxf7+ Nxf7 15. Be3 Ng3+ 16. Kg1 Rxh2 17. Kf2 Nxf1 18. Rxf1 Bc5 19. e5 Nxe5 20.
Bxc5 Ng4+ 21. Kg1 Qxc5+ 22. Rf2 Qxf2# 0-1

[Event "4NCL Online Division 6"]
[Site "online"]
[Date "2020.10.06"]
[Round "4.87"]
[White "Jebananthan, Jeshan"]
[Black "Ritchie, Stephen"]
[Result "1-0"]
[WhiteElo "1060"]
[BlackElo "1164"]
[PlyCount "33"]
[EventDate "2020.10.06"]
[WhiteTeam "Uxbridge Bombers D"]
[BlackTeam "Malpas & Croesoswallt"]

1. e4 c5 2. Nf3 d6 3. d4 cxd4 4. Nxd4 e5 5. Bb5+ Bd7 6. Bxd7+ Qxd7 7. Ne2 Be7
8. Nbc3 a6 9. Ng3 Nf6 10. Bg5 O-O 11. Nf5 Qd8 12. Nxe7+ Qxe7 13. Nd5 Qd8 14.
Nxf6+ gxf6 15. Bh6 Qa5+ 16. c3 Nd7 17. Qg4+ 1-0

[Event "4NCL Online Division 6"]
[Site "online"]
[Date "2020.10.06"]
[Round "4.88"]
[White "Winter, Molly"]
[Black "Peddireddi, Satya"]
[Result "1-0"]
[WhiteElo "775"]
[BlackElo "1075"]
[PlyCount "63"]
[EventDate "2020.10.06"]
[WhiteTeam "Malpas & Croesoswallt"]
[BlackTeam "Uxbridge Bombers D"]

1. d4 e6 2. Nc3 d5 3. e4 Nf6 4. f3 Bb4 5. Bf4 dxe4 6. fxe4 Nxe4 7. Qf3 Ng5 8.
Bxg5 Qxg5 9. Nh3 Qd8 10. Ba6 Nxa6 11. Rd1 O-O 12. a3 Bxc3+ 13. bxc3 Qe7 14. O-O
f6 15. Rd3 e5 16. Qf2 c5 17. dxe5 Qxe5 18. Rf3 Bxh3 19. Rxh3 Rad8 20. g3 Qxc3
21. Qe2 Rd2 22. Qe6+ Rf7 23. Qc8+ Rf8 24. Qxb7 Qxa3 25. Rh4 h6 26. Rg4 Rf7 27.
Qc8+ Kh7 28. Qf5+ Kh8 29. Qg6 Nc7 30. Qxf7 Qe3+ 31. Kh1 Qe4+ 32. Rxe4 1-0

[Event "4NCL Online Division 6"]
[Site "online"]
[Date "2020.10.20"]
[Round "5.11"]
[White "Gregory, Sam"]
[Black "Porter, Sam J"]
[Result "1-0"]
[WhiteElo "1861"]
[BlackElo "1975"]
[PlyCount "119"]
[EventDate "2020.10.20"]
[WhiteTeam "Dundee City B"]
[BlackTeam "Imperial Knightriders"]

1. e4 c5 2. Nc3 e6 3. f4 Nc6 4. Nf3 a6 5. g3 Qc7 6. Bg2 d6 7. O-O Nf6 8. d3 Be7
9. h3 b5 10. Ne2 Bb7 11. a3 d5 12. e5 Nd7 13. c3 O-O 14. Be3 f6 15. d4 b4 16.
dxc5 bxc3 17. exf6 Bxf6 18. bxc3 Na5 19. Nd2 Nxc5 20. Rb1 Be7 21. Nd4 Rad8 22.
Qe2 e5 23. fxe5 Rxf1+ 24. Rxf1 Qxe5 25. Qf2 Rf8 26. Bf4 Qh5 27. Qe1 Re8 28. Qb1
Ne4 29. Nxe4 dxe4 30. Kh2 Bxa3 31. Qa2+ Bd5 32. Qxa3 Nc4 33. Qxa6 Ra8 34. Qb5
h6 35. g4 Qf7 36. Bxh6 Qc7+ 37. Bf4 Qd8 38. Nf5 Bf7 39. Bxe4 Nd2 40. Rd1 Ra2
41. Kh1 g5 42. Nh6+ Kg7 43. Bxg5 Qc7 44. Nf5+ Kf8 45. Qb4+ Kg8 46. Rxd2 Ra1+
47. Kg2 Qe5 48. Rd8+ Kh7 49. Ng3+ Kg7 50. Qd4 Ra2+ 51. Kf3 Qxd4 52. cxd4 Ra3+
53. Be3 Kf6 54. g5+ Ke6 55. g6 Ke7 56. gxf7 Ke6 57. Bd5+ Kf6 58. f8=Q+ Kg6 59.
Rd6+ Kh7 60. Rh6# 1-0

[Event "4NCL Online Division 6"]
[Site "online"]
[Date "2020.10.20"]
[Round "5.12"]
[White "Hookham, Jamie"]
[Black "Mooney, Graham"]
[Result "1-0"]
[WhiteElo "2029"]
[BlackElo "1896"]
[PlyCount "59"]
[EventDate "2020.10.20"]
[WhiteTeam "Imperial Knightriders"]
[BlackTeam "Dundee City B"]

1. e4 c5 2. d4 cxd4 3. c3 dxc3 4. Nxc3 Nc6 5. Nf3 e6 6. Bc4 d6 7. O-O Be7 8.
Qe2 Bd7 9. Rd1 Nf6 10. Nb5 Qb8 11. Bf4 e5 12. Bg5 a6 13. Bxf6 gxf6 14. Nc3 b5
15. Bb3 Bg4 16. h3 Nd4 17. Rxd4 exd4 18. Nd5 Bh5 19. g4 Bg6 20. Nxd4 Bd8 21.
Qf3 O-O 22. Nc6 Qb7 23. Nxd8 Raxd8 24. e5 Kh8 25. Qxf6+ Kg8 26. Ne7+ Qxe7 27.
Qxe7 dxe5 28. Qxe5 Rfe8 29. Qf6 Rd2 30. Bxf7+ 1-0

[Event "4NCL Online Division 6"]
[Site "online"]
[Date "2020.10.20"]
[Round "5.13"]
[White "Dawson, Euan"]
[Black "Barron, Luke J"]
[Result "1-0"]
[WhiteElo "1816"]
[BlackElo "1927"]
[PlyCount "63"]
[EventDate "2020.10.20"]
[WhiteTeam "Dundee City B"]
[BlackTeam "Imperial Knightriders"]

1. e4 d6 2. Nc3 Nf6 3. g3 e5 4. Bg2 Be7 5. Nge2 Nc6 6. O-O O-O 7. d3 Re8 8. h3
Bf8 9. f4 h6 10. f5 Ne7 11. g4 d5 12. Qe1 dxe4 13. dxe4 Nc6 14. g5 hxg5 15.
Bxg5 Be7 16. Rd1 Bd7 17. Qd2 Bc8 18. Qe1 Bd7 19. Qd2 Nh5 20. Bxe7 Rxe7 21. Nd5
Re8 22. f6 g6 23. Qh6 Re6 24. Ng3 Nxf6 25. Nxf6+ Rxf6 26. Rxf6 Qxf6 27. Rxd7
Nd4 28. Nh5 Qh8 29. Qxh8+ Kxh8 30. Nf6 Kg7 31. Ng4 Nxc2 32. Nxe5 1-0

[Event "4NCL Online Division 6"]
[Site "online"]
[Date "2020.10.20"]
[Round "5.21"]
[White "Edwards-Wright, Miles D"]
[Black "Levy, Christopher A"]
[Result "1-0"]
[WhiteElo "1915"]
[BlackElo "1870"]
[PlyCount "63"]
[EventDate "2020.10.20"]
[WhiteTeam "Chessable White Rose 3"]
[BlackTeam "Hackney Hackers"]

1. g3 e5 2. Bg2 Nc6 3. d3 d6 4. c4 f5 5. Nc3 Nf6 6. Rb1 g6 7. b4 Bg7 8. Nf3 Ne7
9. O-O O-O 10. c5 c6 11. Qb3+ Kh8 12. b5 Nfd5 13. cxd6 Qxd6 14. Ba3 Qf6 15.
bxc6 bxc6 16. Nxd5 cxd5 17. Rfc1 Be6 18. Rc7 Rf7 19. d4 exd4 20. Bc5 f4 21.
Bxd4 Qf5 22. Bxg7+ Kxg7 23. Qb2+ Kg8 24. Ne5 Rg7 25. g4 Qf6 26. g5 Qxg5 27.
Qb8+ Nc8 28. Rxg7+ Kxg7 29. Qb7+ Ne7 30. Nf3 Qf5 31. Qxe7+ Bf7 32. Rb7 1-0

[Event "4NCL Online Division 6"]
[Site "online"]
[Date "2020.10.20"]
[Round "5.22"]
[White "Conway, Paul Bernard"]
[Black "Wills, Tom"]
[Result "0-1"]
[WhiteElo "1855"]
[BlackElo "1922"]
[PlyCount "70"]
[EventDate "2020.10.20"]
[WhiteTeam "Hackney Hackers"]
[BlackTeam "Chessable White Rose 3"]

1. e4 c6 2. d4 d5 3. exd5 cxd5 4. Bd3 Nc6 5. c3 Nf6 6. h3 g6 7. Nf3 Bg7 8. O-O
Bf5 9. Bxf5 gxf5 10. Qd3 e6 11. Bf4 Ne4 12. Nbd2 a6 13. Qe3 Qf6 14. Nxe4 dxe4
15. Ne5 Nxe5 16. Bxe5 Qg6 17. Qg3 Bxe5 18. Qxg6 fxg6 19. dxe5 O-O-O 20. Rad1
Rxd1 21. Rxd1 Rd8 22. Rxd8+ Kxd8 23. f3 exf3 24. gxf3 g5 25. Kf2 Kc7 26. Ke3
Kc6 27. Kd4 h5 28. c4 a5 29. b3 g4 30. fxg4 fxg4 31. Ke3 gxh3 32. Kf2 Kc5 33.
a3 Kd4 34. Kg3 Kxe5 35. Kxh3 Kd4 0-1

[Event "4NCL Online Division 6"]
[Site "online"]
[Date "2020.10.20"]
[Round "5.23"]
[White "Posadas, Rayelynn"]
[Black "Figueroa, Edison"]
[Result "1-0"]
[WhiteElo "1915"]
[BlackElo "1862"]
[PlyCount "73"]
[EventDate "2020.10.20"]
[WhiteTeam "Chessable White Rose 3"]
[BlackTeam "Hackney Hackers"]

1. Nf3 c6 2. g3 d6 3. Bg2 Bg4 4. d4 Nd7 5. O-O Qc7 6. c4 Ngf6 7. Nc3 e5 8. e4
exd4 9. Qxd4 Be7 10. h3 Bxf3 11. Bxf3 O-O 12. b3 Ne5 13. Bg2 Qd7 14. Rd1 Rfe8
15. Ba3 Rad8 16. c5 Ng6 17. cxd6 Bf8 18. f4 b6 19. e5 Nh5 20. Kh2 c5 21. Qc4
Nxe5 22. fxe5 Rxe5 23. Bb2 Re3 24. Ne4 Re8 25. g4 Nf4 26. Nf6+ gxf6 27. Qxf4
R3e6 28. Kh1 Bxd6 29. Qh6 Qe7 30. Be4 Rxe4 31. Bxf6 Re1+ 32. Rxe1 Qb7+ 33. Kg1
Bh2+ 34. Kxh2 Qc7+ 35. Kg2 Qc6+ 36. Kf2 Qxf6+ 37. Qxf6 1-0

[Event "4NCL Online Division 6"]
[Site "online"]
[Date "2020.10.20"]
[Round "5.24"]
[White "Rivlin, Mark"]
[Black "Hayes, Solomon"]
[Result "1/2-1/2"]
[WhiteElo "1705"]
[BlackElo "1495"]
[PlyCount "81"]
[EventDate "2020.10.20"]
[WhiteTeam "Hackney Hackers"]
[BlackTeam "Chessable White Rose 3"]

1. e4 c5 2. Nf3 Nc6 3. Bb5 g6 4. Bxc6 dxc6 5. O-O Bg7 6. c3 Bg4 7. d3 Nf6 8.
Bg5 O-O 9. h3 Bxf3 10. Qxf3 h6 11. Be3 b6 12. Qe2 e5 13. Nd2 Qe7 14. Nf3 Rad8
15. Rad1 Rd7 16. Rd2 Rfd8 17. Rfd1 c4 18. dxc4 Nxe4 19. Rxd7 Rxd7 20. Rxd7 Qxd7
21. Nd2 Nxd2 22. Qxd2 Qxd2 23. Bxd2 f5 24. f3 Kf7 25. Kf2 Ke6 26. a4 a6 27. Be3
b5 28. cxb5 cxb5 29. axb5 axb5 30. Ke2 Kd5 31. Kd3 e4+ 32. Kc2 h5 33. b3 Be5
34. f4 Bd6 35. g3 Be7 36. h4 Bc5 37. Kd2 Bd6 38. Bd4 Bc5 39. Be3 Ba3 40. Kc2
Bc5 41. Kd2 1/2-1/2

[Event "4NCL Online Division 6"]
[Site "online"]
[Date "2020.10.20"]
[Round "5.31"]
[White "Povah, Nigel E"]
[Black "Murphy, Conor E"]
[Result "1/2-1/2"]
[WhiteElo "2282"]
[BlackElo "2395"]
[PlyCount "121"]
[EventDate "2020.10.20"]
[WhiteTeam "Guildford Castles"]
[BlackTeam "Charlton Cobras"]

1. d4 d5 2. Bf4 Nf6 3. e3 e6 4. Nd2 Bd6 5. Bg3 O-O 6. Ngf3 b6 7. c3 c5 8. Bd3
Ba6 9. Bxa6 Nxa6 10. Qe2 Nb8 11. e4 Be7 12. O-O Nc6 13. Ne5 Nxe5 14. dxe5 Nxe4
15. Nxe4 dxe4 16. Rad1 Qc7 17. Qxe4 Rad8 18. f4 g6 19. Bf2 Rd7 20. c4 Rfd8 21.
Qe2 Qc6 22. b3 Kg7 23. h3 a6 24. Rxd7 Qxd7 25. Be3 b5 26. Rc1 Qc6 27. Kf2 Qe4
28. g3 b4 29. Qf3 Qd3 30. Qe2 Qd7 31. Rc2 Qc6 32. Qf3 Qc7 33. Qe2 a5 34. Rd2
Rxd2 35. Bxd2 Qd7 36. Be3 a4 37. h4 axb3 38. axb3 Qd8 39. Qd2 Qc7 40. Qd1 Qc6
41. Qf3 Qa6 42. Qd1 Qa2+ 43. Kf3 Qa8+ 44. Kf2 Bf8 45. Kg1 Qe4 46. Kf2 h6 47.
Ke2 Qg2+ 48. Bf2 Qe4+ 49. Be3 Qg2+ 50. Bf2 g5 51. hxg5 hxg5 52. Qd3 gxf4 53.
gxf4 Be7 54. Qg3+ Qxg3 55. Bxg3 Kg6 56. Kf3 Kf5 57. Bf2 Bf8 58. Bg1 Be7 59. Bf2
Bf8 60. Bg1 Be7 61. Bf2 1/2-1/2

[Event "4NCL Online Division 6"]
[Site "online"]
[Date "2020.10.20"]
[Round "5.32"]
[White "Morris, David"]
[Black "Punnett, Alan K"]
[Result "0-1"]
[WhiteElo "1915"]
[BlackElo "2102"]
[PlyCount "40"]
[EventDate "2020.10.20"]
[WhiteTeam "Charlton Cobras"]
[BlackTeam "Guildford Castles"]

1. e4 e6 2. d3 d5 3. Nd2 Nf6 4. Ngf3 b6 5. c3 c5 6. g3 Ba6 7. c4 dxc4 8. dxc4
Bb7 9. Qe2 Nc6 10. Bg2 Be7 11. O-O O-O 12. e5 Nd7 13. Re1 Qc7 14. h4 Rad8 15.
Nf1 Ndb8 16. h5 Nb4 17. h6 g6 18. Bg5 Bxf3 19. Qe3 Bxg2 20. Kxg2 Nc2 0-1

[Event "4NCL Online Division 6"]
[Site "online"]
[Date "2020.10.20"]
[Round "5.33"]
[White "Jones, H Trevor"]
[Black "Stebbings, Robert J"]
[Result "1-0"]
[WhiteElo "1720"]
[BlackElo "1615"]
[PlyCount "91"]
[EventDate "2020.10.20"]
[WhiteTeam "Guildford Castles"]
[BlackTeam "Charlton Cobras"]

1. c4 c5 2. Nc3 Nc6 3. Nf3 g6 4. g3 Bg7 5. Bg2 Nf6 6. O-O O-O 7. e4 e6 8. d4
cxd4 9. Nxd4 Ne5 10. b3 a6 11. f4 Nc6 12. e5 Ne8 13. Nxc6 bxc6 14. Be3 Qa5 15.
Na4 Kh8 16. Bb6 Qb4 17. Bc5 Qa5 18. Bxf8 Bxf8 19. a3 Ng7 20. b4 Qc7 21. c5 Nf5
22. Rf3 Bb7 23. Nb6 Rd8 24. Rd3 d5 25. exd6 Nxd6 26. Nc4 Nxc4 27. Rxd8 Kg7 28.
Qd4+ e5 29. fxe5 Nxe5 30. Rf1 Be7 31. Rd7 Qxd7 32. Qxe5+ f6 33. Qe3 f5 34. Kh1
Bf6 35. Re1 Bc8 36. Bf3 h6 37. Rd1 Qf7 38. Bxc6 Bg5 39. Qe8 Qc7 40. Rd6 Bf6 41.
Bd5 h5 42. Qg8+ Kh6 43. Rxf6 Qg7 44. Qxg7+ Kxg7 45. Rf7+ Kh6 46. Rc7 1-0

[Event "4NCL Online Division 6"]
[Site "online"]
[Date "2020.10.20"]
[Round "5.34"]
[White "Rogers, David M"]
[Black "Tzanidakis, Michail"]
[Result "0-1"]
[WhiteElo "1600"]
[BlackElo "1675"]
[PlyCount "52"]
[EventDate "2020.10.20"]
[WhiteTeam "Charlton Cobras"]
[BlackTeam "Guildford Castles"]

1. c4 Nf6 2. g3 g6 3. Bg2 Bg7 4. Nc3 d6 5. e4 c6 6. Nge2 O-O 7. O-O e5 8. d3 h6
9. b4 Be6 10. a4 Qc8 11. b5 Bh3 12. Rb1 h5 13. Bg5 Nh7 14. Be3 h4 15. c5 dxc5
16. Bxh3 Qxh3 17. Bxc5 Ng5 18. f3 hxg3 19. Nxg3 Re8 20. d4 exd4 21. Bxd4 Rd8
22. Nce2 Ne6 23. bxc6 Nxc6 24. Rxb7 Ncxd4 25. Nxd4 Bxd4+ 26. Kh1 Bf2 0-1

[Event "4NCL Online Division 6"]
[Site "online"]
[Date "2020.10.20"]
[Round "5.41"]
[White "Ruane, Ciaran"]
[Black "Sarpotdar, Amogh"]
[Result "1-0"]
[WhiteElo "1835"]
[BlackElo "2020"]
[PlyCount "115"]
[EventDate "2020.10.20"]
[WhiteTeam "St Benildus C"]
[BlackTeam "Stroud Middles"]

1. e4 e5 2. Nf3 Nc6 3. d4 exd4 4. Nxd4 Nf6 5. Nxc6 bxc6 6. e5 Nd5 7. Bd3 Bc5 8.
O-O Qh4 9. Nd2 Nf4 10. g3 Bxf2+ 11. Rxf2 Nh3+ 12. Kg2 Nxf2 13. gxh4 Nxd1 14.
Nb3 c5 15. Be2 Bb7+ 16. Kg1 c4 17. Nc5 Nc3 18. bxc3 Bd5 19. Rb1 d6 20. Na6 Rc8
21. Nxc7+ Rxc7 22. Rb8+ Kd7 23. Rxh8 Rb7 24. Bg4+ Be6 25. Bxe6+ Kxe6 26. exd6
Kxd6 27. Rd8+ Ke5 28. Kf2 Rb1 29. Be3 Rb2 30. Bxa7 Rxc2+ 31. Ke1 f6 32. Rd2
Rc1+ 33. Ke2 Rh1 34. Kf3 Rf1+ 35. Kg2 Ra1 36. Bc5 Kf5 37. Kg3 h5 38. Rd4 Rxa2
39. Rxc4 Rc2 40. Bd4 Rd2 41. Rc5+ Kg6 42. Rb5 Rd3+ 43. Kf4 Rh3 44. Rb2 Rxh4+
45. Kg3 Re4 46. Rc2 Kf5 47. Rd2 Re1 48. c4 Rc1 49. c5 g5 50. Rd3 Rc4 51. Kf3
Ke6 52. Ke3 f5 53. Rc3 Rxc3+ 54. Bxc3 Kd5 55. Bd4 h4 56. Bf6 g4 57. Bxh4 Kxc5
58. Kf4 1-0

[Event "4NCL Online Division 6"]
[Site "online"]
[Date "2020.10.20"]
[Round "5.42"]
[White "Killey, Ainsley"]
[Black "Murray, Benjamin"]
[Result "0-1"]
[WhiteElo "1577"]
[BlackElo "1709"]
[PlyCount "52"]
[EventDate "2020.10.20"]
[WhiteTeam "Stroud Middles"]
[BlackTeam "St Benildus C"]

1. e4 e6 2. d4 d5 3. Nd2 c5 4. exd5 exd5 5. Bb5+ Bd7 6. Qe2+ Be7 7. dxc5 Nf6 8.
Ngf3 O-O 9. O-O Bxc5 10. Nb3 Bd6 11. Bg5 Nc6 12. Rad1 Re8 13. Qd2 a6 14. Bxc6
bxc6 15. Rfe1 Qc7 16. Bxf6 gxf6 17. Qh6 Qd8 18. Rxe8+ Bxe8 19. Nbd4 Bd7 20. Nh4
Bf8 21. Qf4 Bg7 22. Ndf5 Qb8 23. Qg4 Qf8 24. Qg3 Re8 25. Nxg7 Qxg7 26. Qg5 fxg5
0-1

[Event "4NCL Online Division 6"]
[Site "online"]
[Date "2020.10.20"]
[Round "5.43"]
[White "Willow, David"]
[Black "Davis, Cameron"]
[Result "0-1"]
[WhiteElo "1728"]
[BlackElo "1487"]
[PlyCount "96"]
[EventDate "2020.10.20"]
[WhiteTeam "St Benildus C"]
[BlackTeam "Stroud Middles"]

1. e4 c5 2. Nc3 Nc6 3. g3 g6 4. Bg2 Bg7 5. d3 d6 6. Nf3 Nf6 7. h3 O-O 8. O-O
Rb8 9. a4 a6 10. Be3 b5 11. axb5 axb5 12. e5 dxe5 13. Bxc5 b4 14. Ne4 Nxe4 15.
dxe4 Qc7 16. Qe2 Nd4 17. Bxd4 exd4 18. Rfd1 Rd8 19. e5 Qc5 20. Rac1 Bb7 21. e6
f5 22. Re1 Be4 23. Ng5 Bxg2 24. Kxg2 Qd5+ 25. Kh2 d3 26. cxd3 Qxd3 27. Qxd3
Rxd3 28. Re2 Rb3 29. Rcc2 Ra8 30. Red2 h6 31. Nf7 Ra2 32. Rd7 Bf6 33. Rc8+ Kh7
34. Ne5 Raxb2 35. Nd3 Rd2 36. Rcd8 Rc3 37. Nxb4 Rxf2+ 38. Kg1 Rb2 39. Nd3 Rd2
40. Kf1 g5 41. Ke1 Rg2 42. Rf8 Rcc2 43. Kf1 Kg7 44. Rf7+ Kg6 45. Rd8 Rxg3 46.
Rg8+ Kh5 47. Nf4+ gxf4 48. Rxg3 fxg3 0-1

[Event "4NCL Online Division 6"]
[Site "online"]
[Date "2020.10.20"]
[Round "5.44"]
[White "Sarpotdar, Angad"]
[Black "Kenny, William"]
[Result "0-1"]
[WhiteElo "1450"]
[BlackElo "1719"]
[PlyCount "42"]
[EventDate "2020.10.20"]
[WhiteTeam "Stroud Middles"]
[BlackTeam "St Benildus C"]

1. e4 c5 2. Nc3 Nc6 3. f4 e6 4. Nf3 d5 5. Bb5 d4 6. Bxc6+ bxc6 7. Ne2 Nf6 8. d3
Be7 9. O-O O-O 10. Bd2 Rb8 11. Rb1 Nd7 12. f5 exf5 13. exf5 Nf6 14. Bf4 Bd6 15.
h3 Nd5 16. Bd2 Re8 17. c3 Bxf5 18. Nc1 dxc3 19. Be1 Ne3 20. Qa4 Nxf1 21. Kxf1
cxb2 0-1

[Event "4NCL Online Division 6"]
[Site "online"]
[Date "2020.10.20"]
[Round "5.51"]
[White "McKeown, Paul"]
[Black "Walker, David N"]
[Result "1/2-1/2"]
[WhiteElo "2093"]
[BlackElo "1900"]
[PlyCount "110"]
[EventDate "2020.10.20"]
[WhiteTeam "Cavan Crusaders"]
[BlackTeam "Harborough Cuatro"]

1. e4 e6 2. d3 d5 3. Qe2 Nf6 4. Nf3 Be7 5. g3 c5 6. Bg2 Nc6 7. O-O O-O 8. e5
Nd7 9. c4 b5 10. cxb5 Na5 11. Qc2 a6 12. a4 Bb7 13. Na3 Rc8 14. Re1 c4 15. dxc4
Nxc4 16. Qe2 Bxa3 17. bxa3 Qa5 18. Qd1 axb5 19. axb5 Qxb5 20. Bf4 Qa5 21. a4
Ba6 22. Nd2 Nc5 23. Nxc4 Bxc4 24. Bd2 Qa6 25. Qg4 Kh8 26. Bb4 Rfe8 27. Bxc5
Rxc5 28. h4 Ra5 29. h5 h6 30. Qf4 Kg8 31. g4 Rxa4 32. Rxa4 Qxa4 33. g5 Qa5 34.
Rb1 hxg5 35. Qxg5 Bd3 36. h6 Bg6 37. Rc1 Qd8 38. Qf4 Qe7 39. hxg7 Kxg7 40. Ra1
Rh8 41. Ra4 Rh5 42. Qe3 Qg5 43. Qxg5 Rxg5 44. f4 Rg4 45. Kf2 Rh4 46. Kg3 Rh8
47. Ra7 Rc8 48. Bf1 Bf5 49. Bb5 Rc3+ 50. Kf2 Rc2+ 51. Ke3 Rc3+ 52. Kf2 Rc2+ 53.
Ke3 Rc3+ 54. Kf2 Rc2+ 55. Ke3 Rc3+ 1/2-1/2